000 01415cam a22003495a 4500
003 EG-ScBUE
005 20220510120141.0
008 100805r20062001enka f b 001 0 eng d
020 _a9780415241229
020 _a0415241227
040 _aEG-ScBUE
_beng
_erda
_cEG-ScBUE
_dEG-ScBUE
082 0 4 _a428.0071
_bENG
_222
245 0 0 _aEnglish language teaching in ITS social context :
_ba reader /
_cEdited by Christopher N. Candlin and Neil Mercer.
250 _aReprinted edition.
264 1 _aLondon ;
_aNew York :
_bRoutledge,
_c2006.
300 _axiv, 352 pages :
_billustrations ;
_c26 cm.
336 _2rdacontent
_atext
_btxt
337 _2rdamedia
_aunmediated
_bn
338 _2rdacarrier
_avolume
_bnc
490 0 _aTeaching English language worldwide
500 _aC.2001 compilation, original and editorial material macquarie University and The Open university.
504 _aIncludes bibliographical references and index.
650 7 _aEnglish language
_xStudy and teaching
_xForeign speakers.
_2BUEsh
_917095
650 7 _aEnglish language
_xStudy and teaching
_xSocial aspects.
_2BUEsh
_917096
651 _2BUEsh
653 _bHHUUEENN
_cOctober2018
655 _vReading book
_934232
700 1 _aCandlin, Christopher,
_eeditor
_917097
700 1 _aMercer, Neil,
_eeditor
_917098
856 4 2 _3Publisher description
_uhttp://www.loc.gov/catdir/enhancements/fy0650/00059195-d.html
942 _2ddc
_cBB
999 _c2227
_d2227